| 000 | 00907cam a22002775a 4500 | ||
|---|---|---|---|
| 001 | 17025135 | ||
| 005 | 20151102120125.0 | ||
| 006 | a||||fq||d 00| 0 | ||
| 008 | 111028t2013 njua frb 001 0 eng d | ||
| 020 | _a9780132805452 | ||
| 020 | _a0132805456 | ||
| 040 |
_aDLC _beng _cDLC _dDLC _dEG-ScBUE _dEG-ScBUE |
||
| 082 | 0 | 4 |
_a005.1 _bGAD _222 |
| 100 | 1 |
_aGaddis, Tony. _93820 |
|
| 245 | 1 | 0 |
_aStarting out with programming logic & design / _cTony Gaddis. |
| 246 | 3 | _aStarting out with programming logic and design | |
| 250 | _a3rd ed. | ||
| 260 |
_aUpper Saddle River : _bPearson Education, _cc.2013. |
||
| 300 |
_axxiii, 616 p. : _bill. ; _c26 cm. + _e1 CD-ROM (4 3/4 in.) |
||
| 500 | _aIndex : p. 601-616. | ||
| 504 | _aIncludes bibliographical references. | ||
| 650 | 7 |
_aComputer programming. _2BUEsh _93821 |
|
| 651 | _2BUEsh | ||
| 653 |
_bCOMSCI _bENGGEN _cJune2015 _cNovember2015 |
||
| 942 | _2ddc | ||
| 999 |
_c19796 _d19768 |
||